Reading writing interfaces : (Registro nro. 55577)
[ vista simple ]
| 000 -LEADER | |
|---|---|
| fixed length control field | 00958cam a2200289 i 4500 |
| 001 - CONTROL NUMBER | |
| control field | 55577 |
| 003 - CONTROL NUMBER IDENTIFIER | |
| control field | Mx-PuUPA |
| 005 - DATE AND TIME OF LATEST TRANSACTION | |
| control field | 20220421131402.0 |
| 008 - FIXED-LENGTH DATA ELEMENTS--GENERAL INFORMATION | |
| fixed length control field | 140415s2008 xxu gr 000 0 spa d |
| 020 ## - INTERNATIONAL STANDARD BOOK NUMBER | |
| International Standard Book Number | 9780816691265 |
| 040 ## - CATALOGING SOURCE | |
| Original cataloging agency | MX-PuUPA |
| Language of cataloging | spa |
| Description conventions | rda |
| Transcribing agency | Mx-PuUPA |
| Modifying agency | Mx-PuUPA |
| 041 0# - LANGUAGE CODE | |
| Language code of text/sound track or separate title | spa |
| 100 1# - MAIN ENTRY--PERSONAL NAME | |
| Personal name | Emerson, Lori, |
| Relator term | autor |
| 9 (RLIN) | 6290 |
| 245 10 - TITLE STATEMENT | |
| Title | Reading writing interfaces : |
| Remainder of title | from the digital to the bookbound / |
| Statement of responsibility, etc. | Lori Emerson. |
| 264 #1 - PRODUCTION, PUBLICATION, DISTRIBUTION, MANUFACTURE, AND COPYRIGHT NOTICE | |
| Place of production, publication, distribution, manufacture | Minneapolis : |
| Name of producer, publisher, distributor, manufacturer | University of Minnesota Press, |
| Date of production, publication, distribution, manufacture, or copyright notice | 2008 |
| 300 ## - PHYSICAL DESCRIPTION | |
| Extent | xxi, 222 páginas ; |
| Dimensions | 22 cm. |
| 336 ## - CONTENT TYPE | |
| Content type term | texto |
| Fuente | rdacontent |
| Content type code | txt |
| 337 ## - MEDIA TYPE | |
| Media type term | sin mediación |
| Source | rdamedia |
| Media type code | n |
| 338 ## - CARRIER TYPE | |
| Carrier type term | volumen |
| Source | rdacarrier |
| Carrier type code | nc |
| 490 0# - SERIES STATEMENT | |
| Series statement | Electronic Mediations : |
| Volume/sequential designation | 44 |
| 650 #7 - SUBJECT ADDED ENTRY--TOPICAL TERM | |
| Topical term or geographic name entry element | Literatura |
| General subdivision | Historia y crítica |
| Source of heading or term | armarc |
| 650 #4 - SUBJECT ADDED ENTRY--TOPICAL TERM | |
| Topical term or geographic name entry element | Literatura |
| General subdivision | Tecnología |
| 650 #4 - SUBJECT ADDED ENTRY--TOPICAL TERM | |
| Topical term or geographic name entry element | Literatura sistema hipertexto |
| 942 ## - ADDED ENTRY ELEMENTS (KOHA) | |
| Source of classification or shelving scheme | Dewey Decimal Classification |
| Koha item type | Libro |
| Classification part | 802.85 |
| Item part | EME |
| Withdrawn status | Lost status | Source of classification or shelving scheme | Damaged status | Not for loan | Collection code | Home library | Current library | Shelving location | Date acquired | Source of acquisition | Total Checkouts | Full call number | Barcode | Date last seen | Price effective from | Koha item type |
|---|---|---|---|---|---|---|---|---|---|---|---|---|---|---|---|---|
| Dewey Decimal Classification | General | Biblioteca Karol Wojtyla | Biblioteca Karol Wojtyla | Sala general | 04/12/2017 | Compra | 802.85 EME 2008 | 98882 | 05/01/2026 | 04/12/2017 | Libro |